000 01779nam a2200325 c 4500
003 BLK
005 20180420222608.0
008 180408b bul|||||r ||||||| ||bul||
010 _aKNG00060457000
040 _aBLK
041 _aBUL
_cBUL
080 _aПриложна биология въобще. Биотехнология. Генно инженерство. - Общи въпроси
_b573.6
_x
_z573.6
700 1 _aБаев, Ангел Стефанов
_eпод отг. ред. на
_9286905
700 1 _aВасилев, Ангел
_eпрев. от рус.
_9286906
139 _aВъпроси на биотехнологията
_bВ96
245 1 0 _aВъпроси на биотехнологията
_bСб. статии
_cпод отг. ред. на Ангел Стефанов Баев; прев. от рус. Ангел Василев.
257 _aSUN
260 София
_bЗемиздат
_c1988
300 _a360 с.
_bс табл., сх., диагр.
_c20 см
380 _a5
490 1 _aБиотехнология
500 _aОриг. загл. Биотехнология. - Други прев.: К. Ганчев, Р. Димков, Т. Екимова, Ст. Крайчев. - Библиогр. след отд- статии ; Речник на термините. - Съдържа Техническа микробиология ; Техническа биохимия и инженерна ензимология ; Генетично инженерство ; Клетъчно инженерство.
650 4 _aБиотехнологии
_9148733
653 _aбиотехнологии
852 _aЦб 154537
856 4 _qpdf
_u
856 4 _qpdf
_u
942 _cKNG
_n0
944 _aCR
_c13.06.2004
_kЧиталня
944 _aED
_c11.08.2015
_kМилена_Ачева
999 _c56476
_d56476